Chata v Jezerní kotlině /
Dobrodružný příběh dvou chlapců, které spojilo pevné přátelství a chvíle prožité v kouzelné krajině za městem.
Uloženo v:
| Série: | Chata v Jezerní kotlině,
část 1 |
|---|---|
| Hlavní autor: | |
| Další autoři: | , |
| Médium: | E-audiokniha |
| Jazyk: | Czech |
| Vydáno: |
Praha :
Albatros,
[2018]
|
| Témata: | |
| Příbuzné jednotky: | Z cyklu::
Chata v Jezerní kotlině |
| Tagy: |
Žádné tagy |
| LEADER | 03142nim a2200757 i 4500 | ||
|---|---|---|---|
| 001 | 313011 | ||
| 003 | CZ PrSKC | ||
| 005 | 20260601215733.0 | ||
| 007 | sd fungnnmmned | ||
| 008 | 190607t20182018xr nnnng f n cze | ||
| 015 | |a cnb003101608 | ||
| 024 | 3 | |a 8594050425965 | |
| 040 | |a ABA001 |b cze |e rda | ||
| 072 | 7 | |a 821.162.3-3 |x Česká próza |2 Konspekt | |
| 072 | 7 | |a 821-93 |x Literatura pro děti a mládež (beletrie) |2 Konspekt | |
| 080 | |a 821.162.3-31 |2 MRF | ||
| 080 | |a (0:82-311.3) |2 MRF | ||
| 080 | |a (086.7.053.2) |2 MRF | ||
| 080 | |a (086.7)08 |2 MRF | ||
| 080 | |a (086.76) |2 MRF | ||
| 100 | 1 | |a Foglar, Jaroslav, |d 1907-1999 |7 jk01031485 |4 aut | |
| 245 | 1 | 0 | |a Chata v Jezerní kotlině / |c Foglar |
| 264 | 1 | |a Praha : |b Albatros, |c [2018] | |
| 264 | 4 | |c ©2018 | |
| 300 | |a 1 audiodisk (6 hod., 26 min., 24 sek.) ; |c 12 cm | ||
| 306 | |a 062624 | ||
| 336 | |a mluvené slovo |b spw |2 rdacontent | ||
| 337 | |a audio |b s |2 rdamedia | ||
| 338 | |a audiodisk |b sd |2 rdacarrier | ||
| 344 | |a digital |b optical |2 rda | ||
| 347 | |a audio soubor |b MP3 |2 rda | ||
| 500 | |a Název z disku | ||
| 500 | |a Copyright Albatros Media | ||
| 500 | |a Nezkrácená audiokniha na mp3 CD | ||
| 508 | |a Režie Jiří Tušl | ||
| 511 | 0 | |a Čte Pavel Neškudla | |
| 518 | |o Nahráno |d září 2018 |p studio DAMU, Praha | ||
| 520 | 2 | |a Dobrodružný příběh dvou chlapců, které spojilo pevné přátelství a chvíle prožité v kouzelné krajině za městem. | |
| 521 | 8 | |a Pro posluchače od 9 let | |
| 655 | 7 | |a české romány |7 fd133974 |2 czenas | |
| 655 | 7 | |a dobrodružné romány |7 fd132061 |2 czenas | |
| 655 | 7 | |a zvukové záznamy pro děti a mládež |7 fd186726 |2 czenas | |
| 655 | 7 | |a audioknihy |7 fd119452 |2 czenas | |
| 655 | 7 | |a kompaktní disky |7 fd201991 |2 czenas | |
| 700 | 1 | |a Tušl, Jiří, |d 1943- |7 kup19960000103438 |4 drt | |
| 700 | 1 | |a Neškudla, Pavel, |d 1989- |7 pna20191021256 |4 nrt | |
| 787 | 0 | 8 | |i Z cyklu: |t Chata v Jezerní kotlině |g 1 |
| 900 | |a ABA001 |b 18 | ||
| 044 | |a xr | ||
| 505 | 0 | 0 | |t Chata-v-Jezerni-kotline (27 min., 37 sek.) |
| 505 | 0 | 0 | |t Chata-v-Jezerni-kotline (26 min., 26 sek.) |
| 505 | 0 | 0 | |t Chata-v-Jezerni-kotline (25 min., 9 sek.) |
| 505 | 0 | 0 | |t Chata-v-Jezerni-kotline (27 min., 55 sek.) |
| 505 | 0 | 0 | |t Chata-v-Jezerni-kotline (33 min., 21 sek.) |
| 505 | 0 | 0 | |t Chata-v-Jezerni-kotline (22 min., 56 sek.) |
| 505 | 0 | 0 | |t Chata-v-Jezerni-kotline (33 min., 41 sek.) |
| 505 | 0 | 0 | |t Chata-v-Jezerni-kotline (29 min., 41 sek.) |
| 505 | 0 | 0 | |t Chata-v-Jezerni-kotline (28 min., 23 sek.) |
| 505 | 0 | 0 | |t Chata-v-Jezerni-kotline (26 min., 2 sek.) |
| 505 | 0 | 0 | |t Chata-v-Jezerni-kotline (27 min., 43 sek.) |
| 505 | 0 | 0 | |t Chata-v-Jezerni-kotline (23 min., 17 sek.) |
| 505 | 0 | 0 | |t Chata-v-Jezerni-kotline (22 min., 15 sek.) |
| 505 | 0 | 0 | |t Chata-v-Jezerni-kotline (31 min., 22 sek.) |
| 910 | |a RBIT002 | ||
| 998 | |d 206608 |a https://core.palmknihy.cz/api/books/206608/cover?sia8sb |b https://core.palmknihy.cz/api/books/206608/cover/400?sia8sb |c https://core.palmknihy.cz/api/books/206608/cover/50?sia8sb |e 2030-12-31 |i 8594050425965 |l 23220 |q 49 |r 1 |s https://www.palmknihy.cz/kniha/206608 |t audiobook |y 2018 |z 0 | ||
| 999 | |d 313009 | ||